| 000 | 01522nam0a2200349 4500 | ||
|---|---|---|---|
| 001 | RU\NLR\BIBL_A\011957453 | ||
| 005 | 20250128194045.0 | ||
| 010 |
_a978-5-4242-0313-8 _9500 |
||
| 021 |
_aRU _bКН-П-19-008297 _9КН-П-19-0616 |
||
| 035 | _a(NLR Aleph) 011957453 | ||
| 035 | _a(RuMoRGB)009890713 | ||
| 090 |
_a13421838 _c13421838 |
||
| 100 | _a20190312d2014 km y0rusy50 ca | ||
| 101 | 0 |
_arus _atab |
|
| 102 | _aRU | ||
| 105 | _ay|||z|||000zy | ||
| 200 | 1 |
_aСемантика служебных слов табасаранского языка _e[монография] _fС. М. Касимова _gИнститут языка, литературы и искусства им. Гамзата Цадасы Дагестанского научного центра Российской академии наук |
|
| 210 |
_aМахачкала _cAleph _d2014 |
||
| 215 |
_a125 с. _d21 |
||
| 300 | _aТекст на рус. и табасаран. яз. | ||
| 320 | _aБиблиогр.: с. 116-122 | ||
| 606 | 1 |
_aТабасаранский язык _xСлужебные слова _2nlr_sh2 _3RU\NLR\AUTH\6601652847 |
|
| 610 | 0 | _aслужебные слова табасаранского языка | |
| 686 | 1 | _aШ160.352-212 | |
| 700 | 1 |
_aКасимова _bС. М. _gСефижат Магомедкеримовна |
|
| 852 |
_aNLR _bОНЛ _jТабас./3-482 |
||
| 942 | _cBOOK | ||
| 980 | _aNBR | ||
| 980 | _aNB | ||